| Tag |
First Indicator |
Second Indicator |
Subfields |
| LEADER |
00000cam a2200000 a 4500 |
| 001 |
in00000014298 |
| 005 |
20151007052201.0 |
| 008 |
870909s1987 nyua b 00110 eng |
| 010 |
|
|
|a 87025762
|
| 020 |
|
|
|a 0870782185 (pbk.) :
|c $7.95
|
| 035 |
|
|
|a (OCoLC)16753567
|
| 035 |
|
|
|9 AAA6662AM
|
| 040 |
|
|
|a DLC
|c DLC
|d TXA
|d UtOrBLW
|
| 043 |
|
|
|a n-us---
|
| 049 |
|
|
|a TXAM
|c [A11484688]
|
| 050 |
0 |
0 |
|a JK468.S4
|b A63 1987
|
| 082 |
0 |
|
|a 353.0071/45
|2 19
|
| 100 |
1 |
|
|a Abel, Elie.
|
| 245 |
1 |
0 |
|a Leaking :
|b who does it? who benefits? at what cost? /
|c by Elie Abel.
|
| 264 |
|
1 |
|a New York :
|b Priority Press Publications,
|c 1987.
|
| 300 |
|
|
|a vi, 75 pages :
|b illustrations ;
|c 23 cm.
|
| 336 |
|
|
|a text
|b txt
|2 rdacontent
|
| 337 |
|
|
|a unmediated
|b n
|2 rdamedia
|
| 338 |
|
|
|a volume
|b nc
|2 rdacarrier
|
| 500 |
|
|
|a "A Twentieth Century Fund paper."
|
| 504 |
|
|
|a Bibliography: pages 69-71.
|
| 500 |
|
|
|a Includes index.
|
| 650 |
|
0 |
|a Official secrets
|z United States.
|
| 650 |
|
0 |
|a Government information
|z United States.
|
| 650 |
|
0 |
|a Mass media
|z United States.
|
| 650 |
|
0 |
|a Press
|z United States.
|
| 999 |
|
|
|a MARS
|
| 999 |
f |
f |
|s a971e8ed-695c-390d-954b-9cbcaca76a90
|i 0c6a7cc4-0537-3eff-9e89-70ff3b67d5c5
|t 0
|
| 952 |
f |
f |
|p ric
|a Texas A&M University
|b Rellis Campus
|c Joint Library Facility
|d Remote Storage
|t 0
|e JK468.S4 A63 1987
|h Library of Congress classification
|i unmediated -- volume
|m A14811484688
|
| 998 |
f |
f |
|a JK468.S4 A63 1987
|t 0
|l Remote Storage
|